Fried Foods by Picture - Statistics

General Stats
  • This quiz has been taken 36 times
  • The average score is 10 of 16
Answer Stats
Picture Answer % Correct
French Fries
96%
Fried Chicken
88%
Onion Rings
88%
Corn Dog
81%
Fried Shrimp
77%
Mozzarella Sticks
73%
Tater Tots
69%
Chicken Tenders
62%
Fried Ice cream
62%
Fried Oreos
58%
Fried Oysters
46%
Hush Puppies
46%
Egg Roll
42%
Fried Calamari
42%
Blooming Onion
38%
Fried Scallops
19%
No matching quizzes found
Score Distribution
Percent of People with Each Score
Percentile by Number Answered
Your Score History
You have not taken this quiz